| 000 | 00482nam a2200133Ia 4500 | ||
|---|---|---|---|
| 008 | 250112s9999 xx 000 0 und d | ||
| 020 | _a978-3-319-12598-5 | ||
| 100 | _aWilliam A. Vega, Kyriakos S. Markides, Jacqueline L. Angel, Fernando M. Torres-Gil | ||
| 245 | 0 | _aChallenges of Latino Aging in the Americas | |
| 250 | _a2015 | ||
| 260 |
_c2015 _bSpringer International Publishing |
||
| 856 | _uhttps://link.springer.com/openurl?genre=book&isbn=978-3-319-12598-5 | ||
| 942 | _cEB | ||
| 999 |
_c379902 _d379902 |
||